| 000 | 01980nam a22003377a 4500 | ||
|---|---|---|---|
| 001 | 1698 | ||
| 003 | FISKH | ||
| 005 | 20250904082630.0 | ||
| 008 | 230915b cb ||||| |||| 00| 0 khr d | ||
| 020 | _a9789924340713 | ||
| 040 |
_aFISKH _beng _cFISKH _dFISKH |
||
| 082 | _a649.124 | ||
| 100 | _aVanthary, Oum | ||
| 245 | _aខ្ញុំរៀនព្យញ្ជនៈ / | ||
| 246 | _aMontessori | ||
| 250 | _aបោះពុម្ពលើទី ៥ មិថុនា ២០២២ | ||
| 260 |
_aPhnom Penh : _bSipar, _c2022. |
||
| 300 |
_a24 pages : _billustrations ; _c27 cm |
||
| 490 |
_3ម៉ុនតេសូរី _v៣ |
||
| 490 | _3Montessori | ||
| 505 | _aD | ||
| 520 | _aគឺជាសៀវភៅដំបូងគេសម្រាប់រៀនពីរបៀបសរសេរអក្សរ និងលេខ ដែលជួយកុមារកំណត់អត្តសញ្ញាណ រាប់ និងលេងហ្គេមផ្សេងៗតាមរយៈការលាបពណ៌។ ជាងនេះទៅទៀត វាជាឧបករណ៍សិក្សាសម្រាប់ឪពុកម្តាយ និងលោកគ្រូអ្នកគ្រូ ដើម្បីអនុវត្តរួមគ្នា និងមើលឃើញពីការរីកចម្រើនរបស់កុមារ។ | ||
| 520 | _aThe first books for learning how to write letters and numbers that help children identify, count, and play different games by coloring. It’s also a study tool for parents and teachers to practice together and see the progress of their children. | ||
| 521 | 8 |
_a160
_bLexile estimate AD |
|
| 521 | 8 |
_aD
_bRaz-Plus |
|
| 650 |
_a ម៉ុនតេសូរី _vល្បែងកំសាន្ត _xរៀន |
||
| 650 |
_aMontessori _vGame _xLearning |
||
| 700 |
_a Sodany, Ouch _eAuthor |
||
| 700 |
_aVisoth, Seng _eillustrator |
||
| 942 |
_2ddc _cKHB _n0 |
||
| 999 |
_c1698 _d1698 |
||